Handbook of procurement (Record no. 896)

MARC details
000 -LEADER
fixed length control field 03227nam a2200361 4500
020 ## - INTERNATIONAL STANDARD BOOK NUMBER
ISBN 9781107402317
022 ## - INTERNATIONAL STANDARD SERIAL NUMBER
ISSN 9780511492556
022 ## - INTERNATIONAL STANDARD SERIAL NUMBER
ISSN 9780511250736
022 ## - INTERNATIONAL STANDARD SERIAL NUMBER
ISSN 9780511249693
022 ## - INTERNATIONAL STANDARD SERIAL NUMBER
ISSN 0511250738
022 ## - INTERNATIONAL STANDARD SERIAL NUMBER
ISSN 0511249144
022 ## - INTERNATIONAL STANDARD SERIAL NUMBER
ISSN 6610703833
022 ## - INTERNATIONAL STANDARD SERIAL NUMBER
ISSN 9780511249143
022 ## - INTERNATIONAL STANDARD SERIAL NUMBER
ISSN 0511249691
022 ## - INTERNATIONAL STANDARD SERIAL NUMBER
ISSN 9786610703838
022 ## - INTERNATIONAL STANDARD SERIAL NUMBER
ISSN 0511248067
022 ## - INTERNATIONAL STANDARD SERIAL NUMBER
ISSN 0511250207
022 ## - INTERNATIONAL STANDARD SERIAL NUMBER
ISSN 9780511250200
022 ## - INTERNATIONAL STANDARD SERIAL NUMBER
ISSN 0511492553
022 ## - INTERNATIONAL STANDARD SERIAL NUMBER
ISSN 9780511248061
050 ## - CALL NUMBER
Classification number HF5437
Item number .H66
100 ## - AUTHOR
Personal name Nicola Dimitri; Gustavo Piga; Giancarlo Spagnolo
245 ## - TITLE
Title Handbook of procurement
Statement of responsibility, etc Nicola Dimitri; Gustavo Piga; Giancarlo Spagnolo
260 ## - PUBLICATION INFORMATION
Place of publication UK ; New York :
Name of publisher Cambridge University Press,
Year of publication 2006.
300 ## - DESCRIPTION
Number of Pages (xv, 544 pages :
Other physical details illustrations)
Dimensions 23cm
Accompanying material 1 online resource
500 ## - NOTES
General note Includes index
505 ## - FORMATTED CONTENTS NOTE
Table of Content Introduction / Nicola Dimitri, Gustavo Piga and Giancarlo Spagnolo --<br/>The variety of procurement practice : evidence from public procurement / Laura Carpineti, Gustavo Piga and Matteo Zanza --<br/>When should procurement be centralized? / Nicola Dimitri, Federico Dini and Gustavo Piga --<br/>Procurement contracting strategies / Gian Luigi Albano, Giacomo Calzolari, Federico Dini, Elisabetta Iossa and Giancarlo Spagnolo --<br/>Incentives and award procedures : competitive tendering vs. negotiations in procurement / Patrick Bajari and Steve Tadelis --<br/>Competitive tendering strategies --<br/>Information and competitive tendering / Gian Luigi Albano, Nicola Dimitri, Riccardo Pacini, Giancarlo Spagnolo --<br/>Division in lots and competition in procurement / Veronika Grimm, Riccardo Pacini, Giancarlo Spagnolo and Matteo Zanza --<br/>Multi-contract tendering procedures and package bidding in procurement / Nicola Dimitri, Riccardo Pacini, Marco Pagnozzi and Giancarlo Spagnolo --<br/>Dynamic auctions in procurement / Lawrence M. Ausubel and Peter Cramton --<br/>Attracting and screening participants --<br/>Pricing and other business strategies for e-procurement platforms / Bruno Jullien --<br/>Fostering participation / Gian Luigi Albano, Nicola Dimitri, Isabelle Perrigne and Gustavo Piga --<br/>Scoring rules / Federico Dini, Riccardo Pacini, Tommaso Valletti --<br/>Managing risky bids / Andreas Engel, Juan-José Ganuza, Esther Hauk and Achim Wambach --<br/>Preventing collusion and corruption --<br/>Preventing collusion in procurement / Gian Luigi Albano, Paolo Buccirossi, Giancarlo Spagnolo and Matteo Zanza --<br/>Bidding rings and the design of anti-collusive measures for auctions and procurements / William E. Kovacic, Robert C. Marshall, Leslie M. Marx and Matthew E. Raiff --<br/>Corruption in procurement auctions / Yvan Lengwiler and Elmar Wolfstetter --<br/>Dynamic forces and innovation --<br/>Managing dynamic procurements / Tracy R. Lewis and Huseyin Yildirim --<br/>Designing reputation mechanisms / Chrysanthos Dellarocas, Federico Dini and Giancarlo Spagnolo --<br/>Procuring innovations / Luis Cabral, Guido Cozzi, Vincenzo Denicolo, Giancarlo Spagnolo and Matteo Zanza.
650 ## - SUBJECTS
Topical Term Purchasing -
General subdivision Purchasing departments.
650 ## - SUBJECTS
Topical Term Industrial procurement.
General subdivision Management.
700 ## - OTHER AUTHORS
Personal name Gustavo Piga;
710 ## - OTHER AUTHORS
OTHER AUTHORS Giancarlo Spagnolo
942 ## - ADDED ENTRY ELEMENTS (KOHA)
Koha item type Books
Holdings
Withdrawn status Lost status Collection code Home library Current library Shelving location Date acquired Full call number Accession Number Koha item type
    Reference Methodist University Library Main Methodist University Library Main General Stacks 14/02/2012 HF5437 .H66 34812 Books
Copyright © 2026  MUG Library